Ideaship: How to get Ideas flowing in your workplace / (Record no. 162876)

MARC details
000 -LEADER
fixed length control field 00562nam a22001697a 4500
005 - DATE AND TIME OF LATEST TRANSACTION
control field 20190323120611.0
010 ## - LCCN (DPL NO)
LC control number B-192041
020 ## - INTERNATIONAL STANDARD BOOK NUMBER
International Standard Book Number 0070607125
Terms of availability 150.00
035 ## - SYSTEM CONTROL NUMBER
System control number B-192041
100 ## - MAIN ENTRY--PERSONAL NAME
Personal name Foster,jack
245 ## - TITLE STATEMENT
Title Ideaship: How to get Ideas flowing in your workplace /
Statement of responsibility, etc Jack Foster
260 ## - PUBLICATION, DISTRIBUTION, ETC. (IMPRINT)
Place of publication, distribution, etc New Delhi
Name of publisher, distributor, etc Tata McGraw-Hill Publishing Company Limited
Date of publication, distribution, etc 2005
270 ## - ADDRESS
Address 07, West Patel Nagar,
City New Delhi
Postal code 110008
300 ## - PHYSICAL DESCRIPTION
Extent ix, 136p.
Other physical details ill
Dimensions 23cm.(pbk)
942 ## - ADDED ENTRY ELEMENTS (KOHA)
Source of classification or shelving scheme Dewey Decimal Classification
Item type English Books
Edition 2005
Classification part 658.4092
Call number suffix FOS
Holdings
Withdrawn status Lost status Not for loan Collection code Home library Current library Date acquired Cost, normal purchase price Full call number Barcode Cost, replacement price Koha item type
      Non-fiction Central Library Central Library 23/03/2019 150.00 658.4092 FOS B-192041 150.00 English Books

© Delhi Public Library
Hit Counter
free hit counter